书目信息 |
| 题名: |
长江经济带生态环境保护修复进展报告
|
|
| 作者: | 王东 , 孙宏亮 , 续衍雪 编著 | |
| 分册: | 2019 | |
| 出版信息: | 北京 中国环境出版集团 2020.12 |
|
| 页数: | 168页 | |
| 开本: | 24cm | |
| 丛书名: | ||
| 单 册: | ||
| 中图分类: | X321.25 | |
| 科图分类: | ||
| 主题词: | 长江经济带--chang jiang jing ji dai--生态环境保护--研究报告--2019 | |
| 电子资源: | ||
| ISBN: | 978-7-5111-4414-0 | |
| 000 | 01382nam 2200289 450 | |
| 001 | 202021193772 | |
| 005 | 20211025120141.0 | |
| 010 | @a978-7-5111-4414-0@dCNY80.00 | |
| 100 | @a20211002d2020 em y0chiy50 ea | |
| 101 | 0 | @achi@deng |
| 102 | @aCN@b110000 | |
| 105 | @aa a 000yy | |
| 106 | @ar | |
| 200 | 1 | @a长江经济带生态环境保护修复进展报告@Achang jiang jing ji dai sheng tai huan jing bao hu xiu fu jin zhan bao gao@h2019@d= China's report on eco-environmental protection and restoration of the Yangtze river economic belt@h2019@f王东, 孙宏亮, 续衍雪等编著@zeng |
| 210 | @a北京@c中国环境出版集团@d2020.12 | |
| 215 | @a168页@c彩图@d24cm | |
| 300 | @a中国环境规划政策绿皮书 | |
| 320 | @a有书目 (第167-168页) | |
| 330 | @a本书作为中国环境规划政策绿皮书丛书之一, 阐述了2019年我国长江经济带生态环境保护修复的进展情况, 主要介绍了长江经济带的生态环境状况, 入河排污口及“三磷”排查情况、长江岸线的资源开发利用状况、长江经济带的生态保护补偿进展等。 | |
| 510 | 1 | @aChina's report on eco-environmental protection and restoration of the Yangtze river economic belt@h2019@zeng |
| 606 | 0 | @a长江经济带@Achang jiang jing ji dai@x生态环境保护@x研究报告@z2019 |
| 690 | @aX321.25@v5 | |
| 701 | 0 | @a王东@Awang dong@4编著 |
| 701 | 0 | @a孙宏亮@Asun hong liang@4编著 |
| 701 | 0 | @a续衍雪@Axu yan xue@4编著 |
| 801 | 0 | @aCN@c20210909 |
| 905 | @a河南城建学院图书馆@dX321.25@eW152 | |
| 长江经济带生态环境保护修复进展报告.2019= China's report on eco-environmental protection and restoration of the Yangtze river economic belt.2019/王东, 孙宏亮, 续衍雪等编著.-北京:中国环境出版集团,2020.12 |
| 168页:彩图;24cm |
| 中国环境规划政策绿皮书 |
| ISBN 978-7-5111-4414-0:CNY80.00 |
| 本书作为中国环境规划政策绿皮书丛书之一, 阐述了2019年我国长江经济带生态环境保护修复的进展情况, 主要介绍了长江经济带的生态环境状况, 入河排污口及“三磷”排查情况、长江岸线的资源开发利用状况、长江经济带的生态保护补偿进展等。 |
| ● |
| 相关链接 |
|
|
|
正题名:长江经济带生态环境保护修复进展报告
索取号:X321.25/W152
 
预约/预借
| 序号 | 登录号 | 条形码 | 馆藏地/架位号 | 状态 | 备注 |
| 1 | 1542947 | 215429472 | 自科库501/501自科库 66排2列5层/ [索取号:X321.25/W152] | 在馆 |